Polscy piłkarze którzy zakończyli karierę reprezentacyjną po 2018 r. - Statystyki

Ogólne statystyki
  • Ten quiz został rozwiązany 302 razy
    53 od ostatniego zresetowania
  • Średni wynik to 8 z 12
Statystyki odpowiedzi
Ostatni mecz: Piłkarz: % Poprawnych
09.10.2021 Łukasz Fabiański
90%
21.06.2024 Wojciech Szczęsny
90%
10.09.2023 Grzegorz Krychowiak
86%
19.11.2019 Łukasz Piszczek
86%
16.06.2023 Jakub Błaszczykowski
84%
06.09.2019 Michał Pazdan
76%
27.03.2018 Krzysztof Mączyński
62%
30.11.2022 Artur Jędrzejczyk
56%
28.06.2018 Sławomir Peszko
50%
12.11.2021 Maciej Rybus
46%
20.11.2018 Thiago Cionek
36%
28.06.2018 Łukasz Teodorczyk
30%
Nie znaleziono quizów pasujących do podanych kryteriów
Rozkład punktacji
Procent ludzi z każdym wynikiem
Percentyl według liczby udzielonych odpowiedzi
Twoja historia wyników
Nie rozwiązałeś tego quizu od ostatniego zresetowania